000 00637nam a2200193Ia 4500
003 GCL
008 140319s9999 xx 000 0 ara d
040 _aGCL /
_cGCL
082 0 4 _a338.5
_bا ت
100 1 _aاحمد محمد مندور
245 1 0 _aتطبيقات فى مادة اقتصاديات الموارد و البيئة /
_cاحمد محمد مندور
700 1 _aاحمد رمضان نعمةالله
300 _a206 ص
490 _a
650 0 4 _aالموارد الطبيعية
650 0 4 _aالثروة المعدنية
650 0 4 _aالاقتصاد و الموارد الاقتصادية
942 _2ddc
_cBK
999 _c41761
_d41761